000 00505ntaaa2200193 4500
003 01
005 20251027202704.0
008 0714s1973 ag 01
040 _aAR-BaBN
_bspa
_cAR-BaBN
_eaacr
_dRIC
082 _a465.0000 Se4
100 _aSelva, Juan B
245 _aNuevo curso completo de castellano
250 _a1 ed.
260 _aBuenos Aires :
_bCasa Jacobo Peuser,
_cc1941
300 _a649 p
650 _agramática castellana
_926214
650 _acastellano-gramática
_94117
942 _cBK
999 _c22054
_d22054